| 000 | 00758nam a22002417a 4500 | ||
|---|---|---|---|
| 999 |
_c8275 _d8275 |
||
| 003 | AR-CdUCM | ||
| 008 | 190322b ||||| |||| 00| 0 spa d | ||
| 040 |
_aMUNICIPALIDAD PROVINCIAL DEL CUSCO _cBIBLIOTECA MUNICIPAL DEL CUSCO |
||
| 082 |
_a869.56 / _bOR73 |
||
| 100 |
_aOrtega Rojas, Moises _923280 |
||
| 245 | _aConfidencias para el Pueblo / | ||
| 260 |
_aAcolla : _bTupac Amaru, _c1975. |
||
| 300 |
_a82 paginas ; _bilustraciones, _c21 cm. |
||
| 500 | _aPoesias Firmado y autografiado por el autor | ||
| 650 |
_aPoesia _91598 |
||
| 650 |
_aLiteratura _983 |
||
| 650 |
_aPerú _935 |
||
| 700 |
_aOrellana Bonilla, Hugo _923281 |
||
| 700 |
_aSánchez Cerrón, Josué _923282 |
||
| 700 |
_aNúñez, Maiky _923283 |
||
| 942 |
_2ddc _cLIBROS |
||
| 945 | _apjha | ||